[Event "Memorial Hanaka Frantiska"]
[Site "?"]
[Date "2010.??.??"]
[Round "?"]
[White "Dedina, Miroslav"]
[Black "Pecka, Josef"]
[Result "0-1"]
[WhiteElo "2308"]
[BlackElo "2363"]
[PlyCount "108"]
[EventDate "2010.??.??"]
[EventType "corr"]

1. c4 Nf6 2. g3 c5 3. Bg2 d6 4. Nf3 e5 5. O-O Nc6 6. Nc3 Be7 7. d3 O-O 8. Ne1
Be6 9. Nc2 d5 10. cxd5 Nxd5 11. Ne3 Nxe3 12. Bxe3 Nd4 13. Qd2 Qd7 14. f4 exf4
15. Bxf4 Rad8 16. Rf2 f6 17. b3 b6 18. Raf1 Rfe8 19. Be4 Kh8 20. Re1 Bg4 21.
Nd5 Bf8 22. Bg2 Ne6 23. Be3 Bd6 24. Rc1 Nd4 25. b4 Qe6 26. Bxd4 cxd4 27. Qb2
Qe5 28. Nf4 g5 29. Nd5 f5 30. Qd2 h6 31. Rc6 Bxe2 32. Nf6 Re6 33. a4 Kg7 34.
Nd5 Bg4 35. Rf1 Rd7 36. Qf2 Qe2 37. Qxd4+ Be5 38. Qc4 Rxc6 39. Qxc6 Rf7 40. Qc4
Qb2 41. Qc1 Be2 42. Qxb2 Bxb2 43. Re1 Bxd3 44. Rd1 Ba6 45. Rd2 Be5 46. b5 Bc8
47. Nb4 Rd7 48. Rxd7+ Bxd7 49. Nc6 Bd6 50. Bd5 g4 51. Nxa7 h5 52. Nc6 f4 53.
gxf4 Bxf4 54. Bc4 h4 0-1

[Event "Memorial Hanaka Frantiska"]
[Site "?"]
[Date "2010.??.??"]
[Round "?"]
[White "Urbánek, Stepán"]
[Black "Dedina, Miroslav"]
[Result "1/2-1/2"]
[WhiteElo "2280"]
[BlackElo "2308"]
[PlyCount "70"]
[EventDate "2010.??.??"]
[EventType "corr"]

1. d4 Nf6 2. Nf3 e6 3. e3 d5 4. Bd3 c5 5. b3 Nc6 6. O-O Bd6 7. Bb2 O-O 8. Nbd2
Qe7 9. Ne5 cxd4 10. exd4 Qc7 11. Nxc6 bxc6 12. h3 Bb7 13. c4 Bh2+ 14. Kh1 Bf4
15. Qc2 a5 16. Nf3 Rfd8 17. Rfd1 a4 18. bxa4 Qa5 19. Rab1 Qxa4 20. Bc1 Qxc2 21.
Bxc2 Bxc1 22. Rdxc1 Ba6 23. c5 Nd7 24. a4 f6 25. Re1 Re8 26. g4 g6 27. g5 fxg5
28. Kg2 Re7 29. Kg3 Rae8 30. Ne5 Nxe5 31. Rxe5 Rf8 32. Rb6 Bf1 33. Re1 Bc4 34.
Bd1 Rf4 35. Bg4 Rxd4 1/2-1/2

[Event "Memorial Hanaka Frantiska"]
[Site "?"]
[Date "2010.??.??"]
[Round "?"]
[White "Dedina, Miroslav"]
[Black "Kýhos, Alois"]
[Result "1/2-1/2"]
[WhiteElo "2308"]
[BlackElo "2318"]
[PlyCount "75"]
[EventDate "2010.??.??"]
[EventType "corr"]

1. c4 e5 2. g3 Nf6 3. Bg2 c6 4. d4 exd4 5. Qxd4 d5 6. Nf3 Be7 7. cxd5 cxd5 8.
O-O O-O 9. Nc3 Nc6 10. Qa4 Qb6 11. Qb5 Bc5 12. Qxb6 axb6 13. a3 d4 14. Nb5 Ra5
15. a4 Bf5 16. Bd2 Raa8 17. b4 Nxb4 18. Nfxd4 Be4 19. Rfc1 Rfc8 20. a5 Bxg2 21.
Kxg2 Bxd4 22. Rxc8+ Rxc8 23. Nxd4 bxa5 24. Rxa5 Nc6 25. Nxc6 bxc6 26. Kf3 h6
27. h4 Rb8 28. Ra3 Rb5 29. Bc3 Nd5 30. e4 Nc7 31. Bd2 Ne6 32. Rc3 h5 33. Be3 c5
34. Ke2 Ra5 35. Kd3 g6 36. Kc4 Kg7 37. Kd5 Kf6 38. Rd3 1/2-1/2

[Event "Memorial Hanaka Frantiska"]
[Site "?"]
[Date "2010.??.??"]
[Round "?"]
[White "Canibal, Jaromír"]
[Black "Dedina, Miroslav"]
[Result "1-0"]
[WhiteElo "2324"]
[BlackElo "2308"]
[PlyCount "103"]
[EventDate "2010.??.??"]
[EventType "corr"]

1. e4 d6 2. d4 Nf6 3. f3 g6 4. c4 Bg7 5. Nc3 O-O 6. Be3 e5 7. d5 c6 8. Bd3 cxd5
9. cxd5 Nh5 10. Nge2 f5 11. exf5 gxf5 12. O-O Na6 13. Rc1 Nc7 14. a4 b6 15. b4
Bd7 16. a5 b5 17. Qd2 Qe8 18. f4 Na6 19. fxe5 dxe5 20. Rb1 Rf6 21. Kh1 Bf8 22.
g4 fxg4 23. Rxf6 Nxf6 24. Rf1 e4 25. Bb1 Bg7 26. Ng3 Qe5 27. Bd4 e3 28. Qd1 e2
29. Ngxe2 Qe7 30. d6 Bc6+ 31. Kg1 Qxd6 32. Bxf6 Qxd1 33. Ba2+ Kf8 34. Bxg7+
Kxg7 35. Rxd1 Nxb4 36. Bb3 Be8 37. Rd4 Nc6 38. Rxg4+ Bg6 39. Bd5 Rc8 40. Nxb5
Nxa5 41. Ra4 Rc5 42. Rxa5 Rxd5 43. Rxa7+ Kf6 44. Nbd4 Rd6 45. Kf2 Rd8 46. h4
Bb1 47. Ra6+ Kf7 48. Ne6 Rd7 49. Ke3 Bd3 50. Ng5+ Kg7 51. Rb6 Bxe2 52. Kxe2 1-0

[Event "Memorial Hanaka Frantiska"]
[Site "?"]
[Date "2010.??.??"]
[Round "?"]
[White "Dedina, Miroslav"]
[Black "Laurenc, Petr"]
[Result "1/2-1/2"]
[WhiteElo "2308"]
[BlackElo "2346"]
[PlyCount "65"]
[EventDate "2010.??.??"]
[EventType "corr"]

1. c4 Nf6 2. Nf3 e6 3. g3 d5 4. b3 Be7 5. Bg2 O-O 6. O-O b6 7. Bb2 Bb7 8. e3 c5
9. Nc3 dxc4 10. bxc4 Nbd7 11. Qe2 a6 12. Rfd1 Re8 13. e4 Qc7 14. e5 Ng4 15. h3
Nh6 16. Ne4 Rad8 17. Rab1 Nf8 18. g4 Ng6 19. Qe3 Bxe4 20. Qxe4 f5 21. exf6 Bxf6
22. Bxf6 gxf6 23. Qe3 Nf7 24. d4 Nf4 25. Bf1 e5 26. d5 Nd6 27. Nh4 Re7 28. Kh1
Rg7 29. a4 h5 30. gxh5 Rg5 31. Be2 Qd7 32. Rg1 Nxe2 33. Rxg5+ 1/2-1/2

[Event "Memorial Hanaka Frantiska"]
[Site "?"]
[Date "2010.??.??"]
[Round "?"]
[White "Nedoma, Petr"]
[Black "Dedina, Miroslav"]
[Result "1-0"]
[WhiteElo "2403"]
[BlackElo "2308"]
[PlyCount "71"]
[EventDate "2010.??.??"]
[EventType "corr"]

1. d4 Nf6 2. Nf3 e6 3. c4 d5 4. Nc3 dxc4 5. e4 Bb4 6. Bg5 b5 7. a4 c6 8. e5 h6
9. exf6 hxg5 10. fxg7 Rg8 11. h4 g4 12. Ng5 Rxg7 13. Qxg4 a6 14. Be2 f6 15.
Qh5+ Ke7 16. Qh6 Qg8 17. Nge4 Nd7 18. axb5 cxb5 19. Bf3 Rb8 20. Qe3 Bb7 21. Kf1
a5 22. h5 Kf8 23. Rh3 Rh7 24. Nxf6 Nxf6 25. Qf4 Re8 26. Bxb7 Rf7 27. Bf3 Nh7
28. Qh6+ Qg7 29. Qxg7+ Rxg7 30. h6 Rg5 31. Re1 Bxc3 32. bxc3 Kg8 33. Bc6 Rd8
34. Rxe6 b4 35. Ke1 Kh8 36. Kd2 1-0

[Event "Memorial Hanaka Frantiska"]
[Site "?"]
[Date "2010.??.??"]
[Round "?"]
[White "Dedina, Miroslav"]
[Black "Mezera, Lukás"]
[Result "1/2-1/2"]
[WhiteElo "2308"]
[BlackElo "2314"]
[PlyCount "42"]
[EventDate "2010.??.??"]
[EventType "corr"]

1. c4 e5 2. g3 Nf6 3. Bg2 d5 4. cxd5 Nxd5 5. Nf3 Nc6 6. O-O Nb6 7. b3 Bd6 8.
Bb2 Qe7 9. d4 e4 10. Nfd2 f5 11. Nc4 O-O 12. Nxd6 Qxd6 13. Ba3 Qxd4 14. Qxd4
Nxd4 15. Bxf8 Nxe2+ 16. Kh1 Kxf8 17. Rd1 c5 18. Rd2 Nd4 19. Na3 Be6 20. Nc2
Nxc2 21. Rxc2 Rc8 1/2-1/2

[Event "Memorial Hanaka Frantiska"]
[Site "?"]
[Date "2010.??.??"]
[Round "?"]
[White "Ertl, Lubos"]
[Black "Dedina, Miroslav"]
[Result "0-1"]
[WhiteElo "2316"]
[BlackElo "2308"]
[PlyCount "44"]
[EventDate "2010.??.??"]
[EventType "corr"]

1. e4 d6 2. d4 Nf6 3. Nc3 g6 4. f4 Bg7 5. Nf3 O-O 6. Bd3 Na6 7. O-O c5 8. d5 e6
9. dxe6 fxe6 10. f5 gxf5 11. exf5 Nb4 12. fxe6 Bxe6 13. Re1 Bg4 14. h3 Bh5 15.
Bg5 Nxd3 16. Qxd3 Qb6 17. Nh4 Kh8 18. Qd2 Ng8 19. Ne4 Qxb2 20. Rab1 Qd4+ 21.
Qxd4 Bxd4+ 22. Be3 Be5 0-1

[Event "Memorial Hanaka Frantiska"]
[Site "?"]
[Date "2010.??.??"]
[Round "?"]
[White "Valinová, Jana"]
[Black "Valák, Alois"]
[Result "1/2-1/2"]
[WhiteElo "2361"]
[BlackElo "2432"]
[PlyCount "54"]
[EventDate "2010.??.??"]
[EventType "corr"]

1. e4 c5 2. Nf3 d6 3. d4 cxd4 4. Nxd4 Nf6 5. Nc3 a6 6. Bg5 e6 7. f4 Qb6 8. Qd2
Qxb2 9. Rb1 Qa3 10. e5 dxe5 11. fxe5 Nfd7 12. Ne4 h6 13. Bh4 Qxa2 14. Rd1 Qd5
15. Qe3 Qxe5 16. Be2 Bc5 17. Bg3 Bxd4 18. Rxd4 Qa5+ 19. Rd2 O-O 20. Bd6 Rd8 21.
Qg3 Nc6 22. Bc7 Qa1+ 23. Rd1 Qb2 24. c3 Re8 25. Bh5 Re7 26. Bd6 f5 27. Bxe7
Nxe7 1/2-1/2

[Event "Memorial Hanaka Frantiska"]
[Site "?"]
[Date "2010.??.??"]
[Round "?"]
[White "Sýkora, Josef"]
[Black "Valinová, Jana"]
[Result "1/2-1/2"]
[WhiteElo "2291"]
[BlackElo "2361"]
[PlyCount "93"]
[EventDate "2010.??.??"]
[EventType "corr"]

1. c4 c6 2. d4 d5 3. Nf3 Nf6 4. Nc3 e6 5. e3 Nbd7 6. Qc2 Bd6 7. b3 O-O 8. Be2
b6 9. O-O Bb7 10. Bb2 Qe7 11. Rad1 Rfe8 12. Rfe1 Rad8 13. Bf1 c5 14. cxd5 exd5
15. g3 Rc8 16. Qb1 c4 17. Nd2 cxb3 18. axb3 Nf8 19. Rc1 Ne6 20. Red1 Ng5 21.
Qf5 h6 22. h4 g6 23. Qd3 Nge4 24. Ncxe4 dxe4 25. Qb1 g5 26. hxg5 Ng4 27. Rxc8
Rxc8 28. d5 Qxg5 29. Nxe4 Qh5 30. Nf6+ Nxf6 31. Bxf6 Bxd5 32. Bg2 Bxg2 33. Kxg2
Bf8 34. Rd4 Rc6 35. Rf4 Qd5+ 36. e4 Qd7 37. Ba1 Bg7 38. Bxg7 Kxg7 39. Qb2+ f6
40. b4 Re6 41. Rg4+ Kh7 42. Qb3 h5 43. Rf4 Kg7 44. Qf3 Qb5 45. Kg1 a5 46. Rf5
Qc6 47. bxa5 1/2-1/2

[Event "Memorial Hanaka Frantiska"]
[Site "?"]
[Date "2010.??.??"]
[Round "?"]
[White "Valinová, Jana"]
[Black "Kostál, Jindrich"]
[Result "1/2-1/2"]
[WhiteElo "2361"]
[BlackElo "2343"]
[PlyCount "38"]
[EventDate "2010.??.??"]
[EventType "corr"]

1. d4 Nf6 2. Bg5 Ne4 3. Bf4 c5 4. f3 Qa5+ 5. c3 Nf6 6. d5 Qb6 7. Bc1 e6 8. e4
Be7 9. Na3 d6 10. Nc4 Qd8 11. Ne2 O-O 12. Ng3 exd5 13. exd5 Nbd7 14. a4 h5 15.
Be2 h4 16. Ne4 h3 17. g3 Nb6 18. Ne3 Nxe4 19. fxe4 Bg5 1/2-1/2

[Event "Memorial Hanaka Frantiska"]
[Site "?"]
[Date "2010.??.??"]
[Round "?"]
[White "Pecka, Josef"]
[Black "Valinová, Jana"]
[Result "1/2-1/2"]
[WhiteElo "2363"]
[BlackElo "2361"]
[PlyCount "49"]
[EventDate "2010.??.??"]
[EventType "corr"]

1. e4 c5 2. Nf3 d6 3. d4 cxd4 4. Nxd4 Nf6 5. Nc3 Nc6 6. Bg5 e6 7. Qd2 a6 8.
O-O-O Bd7 9. f4 h6 10. Bh4 b5 11. Bxf6 gxf6 12. Nxc6 Bxc6 13. Qe3 b4 14. Ne2
Rc8 15. Kb1 Bb7 16. Ng3 h5 17. h4 Qa5 18. Bd3 Qc5 19. Qe2 Ke7 20. Rhe1 Rg8 21.
Nxh5 f5 22. Qd2 Bh6 23. exf5 Rxg2 24. Re2 Rcg8 25. fxe6 1/2-1/2

[Event "Memorial Hanaka Frantiska"]
[Site "?"]
[Date "2010.??.??"]
[Round "?"]
[White "Valinová, Jana"]
[Black "Urbánek, Stepán"]
[Result "1/2-1/2"]
[WhiteElo "2361"]
[BlackElo "2280"]
[PlyCount "41"]
[EventDate "2010.??.??"]
[EventType "corr"]

1. d4 d5 2. g3 Nf6 3. Nf3 Bf5 4. Bg2 e6 5. O-O c6 6. c4 Nbd7 7. cxd5 exd5 8.
Nh4 Be6 9. Qd3 Be7 10. Nf5 Bxf5 11. Qxf5 Nf8 12. Nc3 Ne6 13. e3 Qc7 14. Bd2 h5
15. Rac1 g6 16. Qd3 Qd7 17. h4 g5 18. e4 dxe4 19. Nxe4 Nxe4 20. Qxe4 gxh4 21.
Bc3 1/2-1/2

[Event "Memorial Hanaka Frantiska"]
[Site "?"]
[Date "2010.??.??"]
[Round "?"]
[White "Kýhos, Alois"]
[Black "Valinová, Jana"]
[Result "1/2-1/2"]
[WhiteElo "2318"]
[BlackElo "2361"]
[PlyCount "54"]
[EventDate "2010.??.??"]
[EventType "corr"]

1. e4 c5 2. Nf3 d6 3. d4 cxd4 4. Nxd4 Nf6 5. Nc3 Nc6 6. Bg5 e6 7. Qd2 a6 8.
O-O-O Bd7 9. f4 h6 10. Bh4 b5 11. Bxf6 gxf6 12. Nxc6 Bxc6 13. Qe1 Be7 14. Bd3
Rg8 15. Rg1 Qb6 16. Kb1 b4 17. Ne2 d5 18. Nc1 Bc5 19. Rf1 Be3 20. Rf3 Bxc1 21.
Rxc1 Rxg2 22. Rh3 Qd4 23. exd5 Bxd5 24. f5 a5 25. fxe6 fxe6 26. Rxh6 Qf2 27.
Bc4 Qxe1 1/2-1/2

[Event "Memorial Hanaka Frantiska"]
[Site "?"]
[Date "2010.??.??"]
[Round "?"]
[White "Valinová, Jana"]
[Black "Canibal, Jaromír"]
[Result "1/2-1/2"]
[WhiteElo "2361"]
[BlackElo "2324"]
[PlyCount "47"]
[EventDate "2010.??.??"]
[EventType "corr"]

1. Nf3 Nf6 2. d4 e6 3. g3 c5 4. Bg2 Nc6 5. O-O d5 6. c4 dxc4 7. Qa4 Bd7 8. Qxc4
b5 9. Qd3 c4 10. Qc2 Be7 11. Nc3 a6 12. a3 O-O 13. e4 h6 14. Bf4 b4 15. axb4
Nxb4 16. Qe2 Bb5 17. Rfd1 Nd3 18. Be3 Bb4 19. Ne5 Bxc3 20. bxc3 Qc7 21. Ng4
Nxg4 22. Qxg4 f5 23. Qh3 Rae8 24. e5 1/2-1/2

[Event "Memorial Hanaka Frantiska"]
[Site "?"]
[Date "2010.??.??"]
[Round "?"]
[White "Laurenc, Petr"]
[Black "Valinová, Jana"]
[Result "1/2-1/2"]
[WhiteElo "2346"]
[BlackElo "2361"]
[PlyCount "52"]
[EventDate "2010.??.??"]
[EventType "corr"]

1. d4 d5 2. c4 c6 3. Nf3 Nf6 4. Nc3 e6 5. e3 Nbd7 6. Bd3 dxc4 7. Bxc4 b5 8. Bd3
Bb7 9. O-O a6 10. e4 c5 11. d5 Qc7 12. dxe6 fxe6 13. Bc2 Bd6 14. Ng5 Nf8 15. f4
O-O-O 16. Qe1 e5 17. Nd5 Bxd5 18. exd5 exf4 19. Bd2 Re8 20. Ne6 Qb6 21. Ba5 Qb7
22. Rd1 Kb8 23. Qd2 Nxe6 24. dxe6 Bc7 25. Bxc7+ Qxc7 26. Rde1 Rd8 1/2-1/2

[Event "Memorial Hanaka Frantiska"]
[Site "?"]
[Date "2010.??.??"]
[Round "?"]
[White "Valinová, Jana"]
[Black "Nedoma, Petr"]
[Result "1/2-1/2"]
[WhiteElo "2361"]
[BlackElo "2403"]
[PlyCount "81"]
[EventDate "2010.??.??"]
[EventType "corr"]

1. e4 e5 2. Nf3 Nc6 3. Bb5 a6 4. Ba4 Nf6 5. O-O Be7 6. Re1 b5 7. Bb3 O-O 8. h3
d6 9. c3 Na5 10. Bc2 c5 11. d4 exd4 12. cxd4 Bb7 13. d5 Rc8 14. b3 Re8 15. Nbd2
g6 16. Rb1 Bf8 17. Nf1 Bg7 18. Bb2 Rc7 19. Qd2 Rce7 20. Ng3 Bc8 21. Bc3 b4 22.
Ba1 Nb7 23. Bd3 a5 24. Bb5 Nd7 25. Bxg7 Kxg7 26. Nh2 f6 27. Ng4 Rf8 28. Ne3 Kg8
29. a4 Nb6 30. Rbc1 Bd7 31. Ba6 Qa8 32. Bd3 Nd8 33. Qb2 Qa7 34. Be2 Kg7 35. h4
Bc8 36. h5 Nf7 37. Bb5 Nh6 38. Qe2 Kg8 39. Qd3 Kg7 40. Qd2 Bd7 41. Bd3 1/2-1/2

[Event "Memorial Hanaka Frantiska"]
[Site "?"]
[Date "2010.??.??"]
[Round "?"]
[White "Mezera, Lukás"]
[Black "Valinová, Jana"]
[Result "1/2-1/2"]
[WhiteElo "2314"]
[BlackElo "2361"]
[PlyCount "51"]
[EventDate "2010.??.??"]
[EventType "corr"]

1. e4 c5 2. Nf3 d6 3. d4 cxd4 4. Nxd4 Nf6 5. Nc3 a6 6. Bg5 e6 7. f4 Qb6 8. Qd2
Qxb2 9. Rb1 Qa3 10. e5 h6 11. Bh4 dxe5 12. fxe5 g5 13. exf6 gxh4 14. Be2 Qa5
15. O-O Nd7 16. Kh1 Qg5 17. Rf4 e5 18. Nd5 exd4 19. Qxd4 Kd8 20. Rd1 h3 21. g3
Bd6 22. Bf3 Re8 23. Ne7 Be5 24. Qb6+ Bc7 25. Qd4 Be5 26. Qb6+ 1/2-1/2

[Event "Memorial Hanaka Frantiska"]
[Site "?"]
[Date "2010.??.??"]
[Round "?"]
[White "Valinová, Jana"]
[Black "Ertl, Lubos"]
[Result "1/2-1/2"]
[WhiteElo "2361"]
[BlackElo "2316"]
[PlyCount "41"]
[EventDate "2010.??.??"]
[EventType "corr"]

1. d4 Nf6 2. Bg5 e6 3. Nd2 h6 4. Bh4 c5 5. e3 Nc6 6. Ngf3 d5 7. c3 Bd6 8. Bd3
cxd4 9. exd4 Qb6 10. Nb3 a5 11. a4 O-O 12. O-O Ne4 13. Bxe4 dxe4 14. Nfd2 Qc7
15. Bg3 Bxg3 16. hxg3 f5 17. Nc4 Rd8 18. Qc2 e5 19. Nxe5 Nxe5 20. dxe5 Be6 21.
Rfe1 1/2-1/2

[Event "Memorial Hanaka Frantiska"]
[Site "?"]
[Date "2010.??.??"]
[Round "?"]
[White "Valák, Alois"]
[Black "Sýkora, Josef"]
[Result "1/2-1/2"]
[WhiteElo "2432"]
[BlackElo "2291"]
[PlyCount "46"]
[EventDate "2010.??.??"]
[EventType "corr"]

1. d4 Nf6 2. c4 e6 3. Nf3 b6 4. g3 Ba6 5. Qa4 Bb7 6. Bg2 c5 7. dxc5 Bxc5 8. O-O
O-O 9. Nc3 Ne4 10. Nxe4 Bxe4 11. b4 Be7 12. Bf4 Nc6 13. a3 Qc8 14. Rac1 Qb7 15.
Rfd1 Bf6 16. b5 Nd4 17. Nxd4 Bxg2 18. c5 bxc5 19. Nb3 Bh3 20. e4 a6 21. Nxc5
Qxb5 22. Qxb5 axb5 23. Nxd7 Rfe8 1/2-1/2

[Event "Memorial Hanaka Frantiska"]
[Site "?"]
[Date "2010.??.??"]
[Round "?"]
[White "Kostál, Jindrich"]
[Black "Valák, Alois"]
[Result "1/2-1/2"]
[WhiteElo "2343"]
[BlackElo "2432"]
[PlyCount "51"]
[EventDate "2010.??.??"]
[EventType "corr"]

1. e4 c5 2. Nf3 d6 3. d4 cxd4 4. Nxd4 Nf6 5. Nc3 a6 6. Be3 e6 7. f3 Be7 8. Qd2
O-O 9. g4 Nc6 10. O-O-O Nd7 11. Kb1 Nxd4 12. Qxd4 Ne5 13. Be2 b5 14. f4 Nc6 15.
Qd2 Bb7 16. g5 Rc8 17. Rhf1 Qa5 18. Bf3 b4 19. Ne2 Qc7 20. h4 a5 21. h5 a4 22.
Nc1 Ba6 23. h6 g6 24. Rf2 Rfd8 25. Rg2 a3 26. b3 1/2-1/2

[Event "Memorial Hanaka Frantiska"]
[Site "?"]
[Date "2010.??.??"]
[Round "?"]
[White "Valák, Alois"]
[Black "Pecka, Josef"]
[Result "1/2-1/2"]
[WhiteElo "2432"]
[BlackElo "2363"]
[PlyCount "42"]
[EventDate "2010.??.??"]
[EventType "corr"]

1. d4 Nf6 2. c4 g6 3. Nf3 Bg7 4. Nc3 d5 5. cxd5 Nxd5 6. e4 Nxc3 7. bxc3 c5 8.
Rb1 O-O 9. Be2 cxd4 10. cxd4 Qa5+ 11. Qd2 Qxd2+ 12. Bxd2 b6 13. O-O Bb7 14. d5
Ba6 15. Bxa6 Nxa6 16. Be3 f5 17. e5 Nc7 18. Rfd1 f4 19. Rbc1 Nxd5 20. Rxd5 fxe3
21. fxe3 Rac8 1/2-1/2

[Event "Memorial Hanaka Frantiska"]
[Site "?"]
[Date "2010.??.??"]
[Round "?"]
[White "Urbánek, Stepán"]
[Black "Valák, Alois"]
[Result "0-1"]
[WhiteElo "2280"]
[BlackElo "2432"]
[PlyCount "98"]
[EventDate "2010.??.??"]
[EventType "corr"]

1. d4 d5 2. Nf3 Nf6 3. e3 c5 4. dxc5 e6 5. a3 Bxc5 6. c4 O-O 7. b4 Bd6 8. Bb2
a5 9. b5 Nbd7 10. Be2 Qe7 11. O-O dxc4 12. Nbd2 Nb6 13. Nxc4 Nxc4 14. Bxc4 e5
15. h3 Bf5 16. a4 e4 17. Nd2 Rfd8 18. Qe2 Rac8 19. Rac1 Nd7 20. f3 exf3 21.
Nxf3 Bg6 22. Qf2 Nf6 23. Nh4 Bc5 24. Nxg6 hxg6 25. Bd4 Bxd4 26. exd4 Qb4 27.
Qa2 Kf8 28. Bxf7 Rxc1 29. Rxc1 Qxd4+ 30. Kh1 Ne4 31. Re1 Nf2+ 32. Kh2 Qf4+ 33.
Kg1 Nxh3+ 34. gxh3 Qg3+ 35. Kf1 Qxh3+ 36. Kg1 Qg3+ 37. Kf1 Qf3+ 38. Kg1 Rd1 39.
Rxd1 Qxd1+ 40. Kf2 Qd4+ 41. Kg3 Qe5+ 42. Kg2 Qg5+ 43. Kf2 Qf5+ 44. Kg3 Qxf7 45.
Qa3+ Qe7 46. Qf3+ Ke8 47. Qc3 Qg5+ 48. Kh2 Qh4+ 49. Kg2 Qg4+ 0-1

[Event "Memorial Hanaka Frantiska"]
[Site "?"]
[Date "2010.??.??"]
[Round "?"]
[White "Valák, Alois"]
[Black "Kýhos, Alois"]
[Result "1/2-1/2"]
[WhiteElo "2432"]
[BlackElo "2318"]
[PlyCount "55"]
[EventDate "2010.??.??"]
[EventType "corr"]

1. d4 Nf6 2. c4 e6 3. Nf3 b6 4. g3 Bb7 5. Bg2 Be7 6. O-O O-O 7. d5 exd5 8. Nh4
c6 9. cxd5 Nxd5 10. Nf5 Nc7 11. e4 d5 12. Nc3 Bf6 13. exd5 cxd5 14. Bf4 Nba6
15. Re1 Qd7 16. Qg4 Bc8 17. Re5 Kh8 18. Nxd5 Bxe5 19. Bxe5 f6 20. Bxc7 Qxf5 21.
Qxf5 Bxf5 22. Bd6 Rfe8 23. Ne7 Be6 24. Bxa8 Rxa8 25. a3 Rd8 26. Re1 Bf7 27. Rc1
Be6 28. Rc6 1/2-1/2

[Event "Memorial Hanaka Frantiska"]
[Site "?"]
[Date "2010.??.??"]
[Round "?"]
[White "Canibal, Jaromír"]
[Black "Valák, Alois"]
[Result "1/2-1/2"]
[WhiteElo "2324"]
[BlackElo "2432"]
[PlyCount "35"]
[EventDate "2010.??.??"]
[EventType "corr"]

1. d4 d5 2. c4 e6 3. Nc3 Nf6 4. Nf3 Be7 5. Bf4 O-O 6. e3 Nbd7 7. c5 Nh5 8. Bd3
Nxf4 9. exf4 b6 10. b4 a5 11. a3 c6 12. O-O Qc7 13. g3 Ba6 14. Bxa6 Rxa6 15.
Qe2 Raa8 16. Rfb1 g6 17. Ne5 Nxe5 18. fxe5 1/2-1/2

[Event "Memorial Hanaka Frantiska"]
[Site "?"]
[Date "2010.??.??"]
[Round "?"]
[White "Valák, Alois"]
[Black "Laurenc, Petr"]
[Result "1/2-1/2"]
[WhiteElo "2432"]
[BlackElo "2346"]
[PlyCount "90"]
[EventDate "2010.??.??"]
[EventType "corr"]

1. d4 d5 2. c4 c6 3. Nf3 Nf6 4. Nc3 e6 5. e3 Nbd7 6. Qc2 Bd6 7. Bd3 O-O 8. O-O
dxc4 9. Bxc4 a6 10. Rd1 b5 11. Be2 Qc7 12. Ne4 Nxe4 13. Qxe4 Bb7 14. Bd3 g6 15.
Qh4 c5 16. Ng5 h5 17. Ne4 Bxe4 18. Bxe4 Rae8 19. Bf3 c4 20. Bd2 Be7 21. Qe4 Rc8
22. g3 Nf6 23. Qb7 Qxb7 24. Bxb7 Rb8 25. Bf3 Rfd8 26. a4 bxa4 27. Rxa4 Rxb2 28.
Rxc4 Ra2 29. e4 Ng4 30. Be1 a5 31. h3 Nf6 32. Kg2 g5 33. g4 hxg4 34. hxg4 Nd7
35. Kf1 Nf8 36. d5 Ra3 37. Be2 Ng6 38. dxe6 Rxd1 39. Bxd1 fxe6 40. Bc3 Kf8 41.
Rc8+ Kf7 42. Rc7 Kf8 43. Rc6 Nf4 44. Rc8+ Kf7 45. Rc7 Ke8 1/2-1/2

[Event "Memorial Hanaka Frantiska"]
[Site "?"]
[Date "2010.??.??"]
[Round "?"]
[White "Nedoma, Petr"]
[Black "Valák, Alois"]
[Result "1-0"]
[WhiteElo "2403"]
[BlackElo "2432"]
[PlyCount "93"]
[EventDate "2010.??.??"]
[EventType "corr"]

1. d4 d5 2. c4 e6 3. Nc3 Nf6 4. Nf3 Be7 5. Bf4 O-O 6. e3 Nbd7 7. Be2 dxc4 8.
Bxc4 Nb6 9. Bd3 Nbd5 10. Be5 h6 11. O-O Nxc3 12. bxc3 b6 13. a4 Bb7 14. a5 c5
15. a6 Bc6 16. Qe2 Bd6 17. e4 Bc7 18. Rfd1 Nd7 19. Bg3 Bxg3 20. hxg3 Qc7 21.
Bc2 Rfe8 22. e5 Rac8 23. Nd2 Red8 24. Bd3 Bd5 25. Ne4 Bxe4 26. Bxe4 cxd4 27.
cxd4 Qc4 28. Qe3 Qb4 29. Rd3 Nf8 30. Kh2 Ng6 31. Bb7 Qb2 32. Re1 Rc2 33. d5 Nf8
34. Kg1 Qb5 35. Red1 exd5 36. Bxd5 Re8 37. f4 Rc7 38. Bb7 Ne6 39. Kh2 Qc5 40.
Qf3 g6 41. Rd6 Kg7 42. Bd5 Nf8 43. Qg4 Qc2 44. Bf3 Kh7 45. Qh4 Qc5 46. Qf6 Kg8
47. R1d5 1-0

[Event "Memorial Hanaka Frantiska"]
[Site "?"]
[Date "2010.??.??"]
[Round "?"]
[White "Valák, Alois"]
[Black "Mezera, Lukás"]
[Result "1/2-1/2"]
[WhiteElo "2432"]
[BlackElo "2314"]
[PlyCount "32"]
[EventDate "2010.??.??"]
[EventType "corr"]

1. d4 d5 2. c4 e6 3. Nf3 c6 4. Qc2 Nf6 5. g3 dxc4 6. Qxc4 b5 7. Qd3 Bb7 8. Bg2
Nbd7 9. O-O a6 10. a4 c5 11. dxc5 Bxc5 12. axb5 Be4 13. Qc3 axb5 14. Rxa8 Qxa8
15. b4 Be7 16. Nbd2 Bb7 1/2-1/2

[Event "Memorial Hanaka Frantiska"]
[Site "?"]
[Date "2010.??.??"]
[Round "?"]
[White "Ertl, Lubos"]
[Black "Valák, Alois"]
[Result "0-1"]
[WhiteElo "2316"]
[BlackElo "2432"]
[PlyCount "58"]
[EventDate "2010.??.??"]
[EventType "corr"]

1. e4 c5 2. Nf3 d6 3. d4 cxd4 4. Nxd4 Nf6 5. Nc3 a6 6. Be3 e6 7. f3 b5 8. g4 h6
9. Qd2 b4 10. Na4 Nbd7 11. O-O-O Qa5 12. b3 Bb7 13. a3 Qc7 14. axb4 d5 15. e5
Nxe5 16. Kb1 Nfd7 17. Re1 Nc6 18. b5 Nxd4 19. Bxd4 axb5 20. Bxb5 Bc6 21. Qc3
Rc8 22. Bxc6 Qxc6 23. Re2 Qxc3 24. Bxc3 h5 25. g5 Rg8 26. Rd1 Be7 27. f4 g6 28.
Bd4 Kf8 29. c4 dxc4 0-1

[Event "Memorial Hanaka Frantiska"]
[Site "?"]
[Date "2010.??.??"]
[Round "?"]
[White "Sýkora, Josef"]
[Black "Kostál, Jindrich"]
[Result "1/2-1/2"]
[WhiteElo "2291"]
[BlackElo "2343"]
[PlyCount "77"]
[EventDate "2010.??.??"]
[EventType "corr"]

1. c4 Nf6 2. Nf3 g6 3. g3 Bg7 4. Bg2 c5 5. O-O Nc6 6. d4 cxd4 7. Nxd4 O-O 8.
Nc3 Nxd4 9. Qxd4 d6 10. Qd3 Bf5 11. e4 Be6 12. b3 Ng4 13. Bb2 Rc8 14. Qe2 Re8
15. Nd5 Bxb2 16. Qxb2 a6 17. Qd2 Ne5 18. f4 Bxd5 19. exd5 Nd7 20. Bh3 Rb8 21.
Bxd7 Qxd7 22. a4 Qc7 23. Rfe1 e6 24. dxe6 Rxe6 25. Rxe6 fxe6 26. Kf2 Kf7 27.
Re1 a5 28. Qe3 Re8 29. g4 e5 30. h3 Kg8 31. Kg2 Qc6+ 32. Kh2 Re6 33. Re2 Kf7
34. g5 Kg7 35. Rf2 Re7 36. f5 gxf5 37. Rxf5 Qd7 38. Rf6 Rf7 39. Rh6 1/2-1/2

[Event "Memorial Hanaka Frantiska"]
[Site "?"]
[Date "2010.??.??"]
[Round "?"]
[White "Pecka, Josef"]
[Black "Sýkora, Josef"]
[Result "1/2-1/2"]
[WhiteElo "2363"]
[BlackElo "2291"]
[PlyCount "48"]
[EventDate "2010.??.??"]
[EventType "corr"]

1. e4 e6 2. d4 d5 3. Nc3 dxe4 4. Nxe4 Bd7 5. Nf3 Bc6 6. Bd3 Nd7 7. Bf4 Ngf6 8.
Nxf6+ Nxf6 9. O-O Bxf3 10. Qxf3 c6 11. Be5 Nd7 12. Bg3 Nf6 13. c3 Bd6 14. Bh4
O-O 15. a3 Be7 16. Bg3 Bd6 17. Rae1 Bxg3 18. fxg3 Qd5 19. Qd1 Nd7 20. Be4 Qg5
21. g4 g6 22. g3 Rad8 23. Qb3 Nb6 24. Bg2 Qe7 1/2-1/2

[Event "Memorial Hanaka Frantiska"]
[Site "?"]
[Date "2010.??.??"]
[Round "?"]
[White "Sýkora, Josef"]
[Black "Urbánek, Stepán"]
[Result "1/2-1/2"]
[WhiteElo "2291"]
[BlackElo "2280"]
[PlyCount "54"]
[EventDate "2010.??.??"]
[EventType "corr"]

1. c4 e5 2. g3 Nf6 3. Bg2 d5 4. cxd5 Nxd5 5. Nf3 Nc6 6. O-O Nb6 7. b3 Be7 8.
Bb2 f6 9. d3 O-O 10. Nbd2 Be6 11. Rc1 Qd7 12. Ne4 Rfd8 13. Qc2 Bh3 14. Rfd1
Bxg2 15. Kxg2 Qe6 16. d4 exd4 17. Bxd4 Re8 18. Bc5 Bf8 19. Bxb6 Qxe4 20. Bxc7
Qxe2 21. Qf5 Qe7 22. Bd6 Qe6 23. Qxe6+ Rxe6 24. Bxf8 Kxf8 25. Nd4 Nxd4 26. Rxd4
Ke8 27. Kf3 Rd8 1/2-1/2